| 000 | 03652nam a2200349 a 4500 | ||
|---|---|---|---|
| 003 | OSt | ||
| 005 | 20250821104201.0 | ||
| 007 | cr ||||||a|a|a | ||
| 008 | 250812s2025 mx a|||fom||| 001 0 spa d | ||
| 040 | _erda | ||
| 100 | 1 |
_aCabrera Larios, Víctor _9190845 |
|
| 245 | 1 | 0 |
_aPerfil mineral en suelo, forraje, agua y sangre de bovinos en pastoreo en dos épocas y dos condiciones climáticas en Molango, Hidalgo / _cpor Víctor Cabrera Larios; director de tesis Enrique Cortés Díaz; secretario César Cortez Romero; vocal Martínez Hernández Pedro Arturo; suplente José Luis Zaragoza Ramírez; suplente Melitón Córdoba Álvarez. |
| 264 | 1 |
_aChapingo, México : _bEl autor, _c2024. |
|
| 300 |
_a1 recurso en línea (81 páginas): _bcuadros, figuras. |
||
| 336 |
_2rdacontent _atexto _btxt |
||
| 337 |
_2rdamedia _acomputadora _bc |
||
| 338 |
_2rdacarrier _arecurso en línea _bcr |
||
| 502 |
_bIAEF _cZootecnía _d2024. _gLIC |
||
| 504 | _aIncluye referencias bibliográficas: páginas 45-49. | ||
| 520 | _aEl objetivo del estudio fue determinar el contenido de calcio (Ca), fósforo (P), magnesio (Mg), potasio (K), sodio (Na), iodo (I), cobalto (Co), cobre (Cu), zinc (Zn) y selenio (Se) en muestras de forraje, suelo, agua y sangre de bovinos en pastoreo de dos Sitios con condiciones climáticas distintas (clima templado y cálido), en época seca y lluviosa en Molango, Hidalgo. En cada Sitio se estableció una estación meteorológica para medir datos de precipitación y temperatura. Se colectaron tres repeticiones por muestra de forraje, suelo, agua y sangre de bovinos (hembras adultas). Los análisis minerales se realizaron mediante un equipo espectroscopía de emisión atómica de inducción por plasma acoplado 8 Agilent, ICP OES (Optical Emission Spectrometer, 725-ES, EE.UU). El contenido mineral en forraje, suero sanguíneo y agua presentó diferencias (p<0.05) entre épocas, en suelo las concentraciones de Ca, Mg, P, K, Cu, Fe y Se fueron semejantes (p>0.05) en épocas, en suero sanguíneo la concentración de P, Mg, K, Na, Cu, Fe y Zn fue mayor en los bovinos del Sitio 2 (p<0.05). Los forrajes de ambos Sitios fueron deficientes para satisfacer el mínimo requerimiento en bovinos en Mg, Cu, en el Sitio 1, Zn fue deficiente en ambas épocas. En la época seca las concentraciones de Ca, P, Mg, I y Fe fueron menores respecto a la época lluviosa (p<0.05). Las concentraciones de Na, Se y Zn fueron menores en la época seca. La concentración de Cu, Se y Zn en suero sanguíneo fue deficiente, las concentraciones de P, Mg, Na, Cu, Fe, Se y Zn fueron mayores en el suero sanguíneo de los animales del Sitio 2 (p<0.05), mientras que en el Sitio 1 la concentración de Ca en suero sanguíneo fue mayor(p<0.05). El tipo de suelo, pH y las variables climáticas influyeron en la absorción y disponibilidad de nutrientes en ambas épocas del año afectando la interacción suelo-planta-animal, disminuyendo la capacidad reproductiva de los bovinos. | ||
| 650 | 4 |
_aForrajes _xElementos minerales _942570 |
|
| 650 | 4 |
_aMinerales en alimentación del ganado _9142648 |
|
| 650 | 4 |
_aGanado _xElementos minerales _944908 |
|
| 650 | 4 |
_aSangre _xAnálisis y química _9102211 |
|
| 700 | 1 |
_aCortés Díaz, Enrique _928347 |
|
| 700 | 1 |
_aCortez Romero, César _928305 _esecretario. |
|
| 700 | 1 |
_aMartínez Hernández, Pedro Arturo _972165 _evocal. |
|
| 700 | 0 |
_aZaragoza Ramírez, José Luis _9123684 _esuplente. |
|
| 700 | 1 |
_aCórdoba Álvarez, Melitón _esuplente. _927815 |
|
| 856 |
_uhttp://10.13.5.2/tesis/tl/1910258-1_CABRERA_LARIOS_VICTOR.pdf _zDESCARGAR PDF |
||
| 942 |
_2Clasificación Universidad Autónoma Chapingo _cTD |
||
| 999 |
_c220796 _d220796 |
||